03115nam a2200433 a 4500003000500000005001700005007001500022008004100037035001100078040000900089090001000098100004000108245023700148264004100385300006000426336002700486337002900513338004000542502003400582520133500616590002401951590002801975590002802003590002802031590002802059590002802087590002902115650002802144650002602172650002502198700006302223856005302286901000702339942005602346949006702402949006202469999001902531952013102550CHAP20241015091949.0cr ||||||a|c|a101209s2010 mx r 00010 spa d a111777 cCHAP aTesis1 aDíaz Hernández, Azariel.93350110aCaracterísticas químicas y físicas del aceite de piñón (Jatropha curcas L.) como párametro de selección para la elaboración de biocombustiblesc/por Azariel Díaz Hernández; director Ma. Antonieta Goytia Jiménez aChapingo, Méx. :bEl autor,c2010. a1 recurso en línea (87 páginas):bcuadros, figuras. 2rdacontentatextobtxt 2rdamediaacomputadorabc 2rdacarrierarecursos en líneabcr bIAcAgroindustriasd2010gLIC aCon el objetivo de conocer las características físicas y químicas de (Jatropha curcas L.), especie no convencional que está siendo cultivada para la generación de biocombustibles, en 31 accesiones provenientes del Estado de Chiapas, se determinó el color; viscosidad, tanto dinámica como cinemática, y el perfil de ácidos grasos por cromatografía de gases del aceite presente en las semillas. Para el color, los aceites presentaron una tonalidad amarillo-ligeramente verdosa, y son poco cristalinos. La viscosidad fue inversamente proporcional a la temperatura, y considerando la clasificación para Aceites Industriales, éstos se encuentran dentro de los 32 grados ISO, lo cual quiere decir que pueden ser utilizados principalmente para circuitos hidráulicos. Y de acuerdo a la clasificación SAE para aceites de motor y engranajes automotrices, están dentro de 15W, 20W y 20 grados para el primer caso; 80W y 80 grados para el segundo, éstos constituyen una clase particular de aceites, que responden a más de un grado SAE, y pueden ser clasificados como aceites “multigrados”. Se encontraron un total de 24 ácidos grasos presentes en las 31 muestras de aceites. Hay diferencias entre las accesiones, tanto en la cantidad de ácidos grasos presentes como las concentraciones de los mismos. aALEPHb10c20130110 aBATCH-UPDb10c20130110 aBATCH-UPDb10c20130410 aBATCH-UPDb10c20130913 aBATCH-UPDb10c20140324 aBATCH-UPDb10c20141002 aCONVERSIONb10c2013010904aAceite de piñon.944904aBiocarburante.91271604aCombustibles.9255541 aGoytia Jiménez, Ma. Antonieta950145eDirector de tesis. uhttp://10.13.5.2/tesis/111777.pdfzDESCARGAR PDF aBK cTD2Clasificación Universidad Autónoma Chapingo bBCcTESd33724002226850eTS2fc.2gDonaciØnh51667i111777sb bBCcTESd33724002226892eTS1gDonaciØnh51666i111777sb c100119d100119 00102local4051708TesDigLaBDbBDcE_Ld2019-12-31eDonacionfTESISl0oTesis digitalr2019-12-31 00:00:00w2024-10-14yTD